<?xml version="1.0" encoding="UTF-8"?>
<collection xmlns="http://www.loc.gov/MARC21/slim">
 <record>
  <leader>04535nam a22003971a 4500</leader>
  <controlfield tag="001">000035444</controlfield>
  <controlfield tag="003">11730</controlfield>
  <controlfield tag="005">20230105085838.0</controlfield>
  <controlfield tag="008">160105s2015                  000   eng</controlfield>
  <datafield tag="040" ind1=" " ind2=" ">
   <subfield code="a">LNN</subfield>
  </datafield>
  <datafield tag="041" ind1=" " ind2=" ">
   <subfield code="a">eng</subfield>
  </datafield>
  <datafield tag="082" ind1=" " ind2=" ">
   <subfield code="a">420.8</subfield>
   <subfield code="b">LÊ-A</subfield>
  </datafield>
  <datafield tag="100" ind1=" " ind2=" ">
   <subfield code="a">Lê,Thanh Thúy An</subfield>
  </datafield>
  <datafield tag="245" ind1=" " ind2="3">
   <subfield code="a">An analysis of narrative discourse in harry potter by j.k rowling /</subfield>
   <subfield code="c">Lê Thanh Thúy An; Trần Quảng Hải supervisor.</subfield>
  </datafield>
  <datafield tag="260" ind1=" " ind2=" ">
   <subfield code="c">2015</subfield>
   <subfield code="a">ĐHĐN :</subfield>
   <subfield code="b">ĐHĐN.</subfield>
  </datafield>
  <datafield tag="300" ind1=" " ind2=" ">
   <subfield code="a">93tr . : ;</subfield>
   <subfield code="c">30cm+.</subfield>
  </datafield>
  <datafield tag="502" ind1="0" ind2=" ">
   <subfield code="a">Master thesis in social sciences and humanities.</subfield>
  </datafield>
  <datafield tag="520" ind1=" " ind2=" ">
   <subfield code="a">The study attempts to investigate linguistic features of narrative discourse on conversational openings and questions in conversations. This research also aims to contribute to the other linguistic research such as on language development, to help English learners in opening a conversation or make question in conversation. 924 conversational openings and 2258 questions are collected from the novel “Harry Potter” by J.K Rowling. The study is carried out through the adoption of descriptive, quantitative, and qualitative. The research found that a full description and analysis of the strategies of opening a conversation in the first four Harry Potter books. The opening of conversation is studied in different functions. The opening phase is firstly marked by greetings, identification. The summon-answer sequence is also found to get attention of the hearer, and then considered a pre-opener. The utterances are found in opening conversations with requesting and inquiring, expressive and informative functions. The requesting and inquiring openings include asking on situations, requesting for action, asking for information, direction and opinion, asking for permission, offering, and inviting. The expressing acts for opening are complaining, apologizing, exclaims or statements expressing various feelings, complimenting and remarking. The final type is informative opening which distinguishes between informing and reporting. In order to help language learners to open a conversation, the implication for teaching of this problem was mentioned. Besides, the research found six types of questions in terms of semantic and syntactic features. These are alternative questions, declarative questions, hypothetical questions, indirect questions, wh-questions, and yes-no questions. Through the analysis, the type of questions could be clearly and more understanding. It helps language learners to make questions easily</subfield>
  </datafield>
  <datafield tag="650" ind1=" " ind2=" ">
   <subfield code="a">analysis of narrative discourse in harry potter by j.k rowling</subfield>
  </datafield>
  <datafield tag="653" ind1=" " ind2=" ">
   <subfield code="a">narrative discourse</subfield>
   <subfield code="a">harry potter</subfield>
  </datafield>
  <datafield tag="700" ind1=" " ind2=" ">
   <subfield code="a">Trần Quang Hải</subfield>
   <subfield code="e">supervisor</subfield>
  </datafield>
  <datafield tag="OWN" ind1=" " ind2=" ">
   <subfield code="a">LNN</subfield>
  </datafield>
  <datafield tag="902" ind1=" " ind2=" ">
   <subfield code="a">Luận văn thạc sĩ</subfield>
  </datafield>
  <datafield tag="AVA" ind1=" " ind2=" ">
   <subfield code="a">UDN50</subfield>
   <subfield code="b">LNN</subfield>
   <subfield code="c">English</subfield>
   <subfield code="d">420.8 LÊ-A</subfield>
   <subfield code="e">available</subfield>
   <subfield code="t">Error 5001 Not defined in file expand_doc_bib_avail.</subfield>
   <subfield code="f">1</subfield>
   <subfield code="g">0</subfield>
   <subfield code="h">N</subfield>
   <subfield code="i">0</subfield>
   <subfield code="j">AN</subfield>
   <subfield code="k">1</subfield>
  </datafield>
  <datafield tag="Z40" ind1="3" ind2=" ">
   <subfield code="y">An analysis of narrative discourse in harry potter by j.k rowling /</subfield>
   <subfield code="l">Library of UFL</subfield>
   <subfield code="t">VIEW</subfield>
   <subfield code="x">http://catalog.udn.vn:80/F?func=service&amp;doc_library=UDN01&amp;local_base=UDN01&amp;doc_number=000035444&amp;sequence=000001&amp;line_number=0001&amp;func_code=DB_RECORDS&amp;service_type=MEDIA</subfield>
   <subfield code="f">TOMTAT_000011728.pdf</subfield>
   <subfield code="e">pdf</subfield>
   <subfield code="s">000204433</subfield>
   <subfield code="k">20210805</subfield>
   <subfield code="m">NTMTHI</subfield>
  </datafield>
  <datafield tag="Z40" ind1="3" ind2=" ">
   <subfield code="y">An analysis of narrative discourse in harry potter by j.k rowling /</subfield>
   <subfield code="l">Library of UFL</subfield>
   <subfield code="t">VIEW</subfield>
   <subfield code="x">http://catalog.udn.vn:80/F?func=service&amp;doc_library=UDN01&amp;local_base=UDN01&amp;doc_number=000035444&amp;sequence=000002&amp;line_number=0002&amp;func_code=DB_RECORDS&amp;service_type=MEDIA</subfield>
   <subfield code="f">LUANVAN_000011730.pdf</subfield>
   <subfield code="e">pdf</subfield>
   <subfield code="s">000476343</subfield>
   <subfield code="k">20210805</subfield>
   <subfield code="m">NTMTHI</subfield>
  </datafield>
  <datafield tag="999" ind1=" " ind2=" ">
   <subfield code="a">From the UDN01</subfield>
  </datafield>
  <datafield tag="AVA" ind1=" " ind2=" ">
   <subfield code="a">UDN50</subfield>
   <subfield code="b">LNN</subfield>
   <subfield code="c">English</subfield>
   <subfield code="d">420.8 LÊ-A</subfield>
   <subfield code="e">available</subfield>
   <subfield code="t">Error 5001 Not defined in file expand_doc_bib_avail.</subfield>
   <subfield code="f">1</subfield>
   <subfield code="g">0</subfield>
   <subfield code="h">N</subfield>
   <subfield code="i">0</subfield>
   <subfield code="j">AN</subfield>
   <subfield code="k">1</subfield>
  </datafield>
  <datafield tag="TYP" ind1=" " ind2=" ">
   <subfield code="a">Dissertation</subfield>
  </datafield>
  <datafield tag="TYP" ind1=" " ind2=" ">
   <subfield code="a">Monograph</subfield>
  </datafield>
  <datafield tag="TYP" ind1=" " ind2=" ">
   <subfield code="a">Printed language</subfield>
  </datafield>
  <datafield tag="856" ind1=" " ind2=" ">
   <subfield code="y">An analysis of narrative discourse in harry potter by j.k rowling /</subfield>
   <subfield code="l">Library of UFL</subfield>
   <subfield code="t">VIEW</subfield>
   <subfield code="x">http://catalog.udn.vn:80/F?func=service&amp;doc_library=UDN01&amp;local_base=UDN01&amp;doc_number=000035444&amp;sequence=000001&amp;line_number=0001&amp;func_code=DB_RECORDS&amp;service_type=MEDIA</subfield>
   <subfield code="f">TOMTAT_000011728.pdf</subfield>
   <subfield code="e">pdf</subfield>
   <subfield code="s">000204433</subfield>
   <subfield code="k">20210805</subfield>
   <subfield code="m">NTMTHI</subfield>
  </datafield>
  <datafield tag="856" ind1=" " ind2=" ">
   <subfield code="y">An analysis of narrative discourse in harry potter by j.k rowling /</subfield>
   <subfield code="l">Library of UFL</subfield>
   <subfield code="t">VIEW</subfield>
   <subfield code="x">http://catalog.udn.vn:80/F?func=service&amp;doc_library=UDN01&amp;local_base=UDN01&amp;doc_number=000035444&amp;sequence=000002&amp;line_number=0002&amp;func_code=DB_RECORDS&amp;service_type=MEDIA</subfield>
   <subfield code="f">LUANVAN_000011730.pdf</subfield>
   <subfield code="e">pdf</subfield>
   <subfield code="s">000476343</subfield>
   <subfield code="k">20210805</subfield>
   <subfield code="m">NTMTHI</subfield>
  </datafield>
  <datafield tag="980" ind1=" " ind2=" ">
   <subfield code="a">Mạng thư viện Đại học Đà Nẵng</subfield>
  </datafield>
 </record>
</collection>
